<?xml version="1.0" encoding="UTF-8"?>
<record
    xmlns:xsi="http://www.w3.org/2001/XMLSchema-instance"
    xsi:schemaLocation="http://www.loc.gov/MARC21/slim http://www.loc.gov/standards/marcxml/schema/MARC21slim.xsd"
    xmlns="http://www.loc.gov/MARC21/slim">

  <leader>02008nam a22002297a 4500</leader>
  <controlfield tag="003">DO-SdBNP</controlfield>
  <controlfield tag="005">20240307073943.0</controlfield>
  <controlfield tag="007">ta</controlfield>
  <controlfield tag="008">211209b2018    dr abd|| |||| 00| 0 spa d</controlfield>
  <datafield tag="040" ind1=" " ind2=" ">
    <subfield code="a">DO-SdBNP</subfield>
    <subfield code="b">spa</subfield>
    <subfield code="c">BNPHU</subfield>
  </datafield>
  <datafield tag="082" ind1=" " ind2="4">
    <subfield code="2">22</subfield>
    <subfield code="b">P964c </subfield>
  </datafield>
  <datafield tag="110" ind1="2" ind2=" ">
    <subfield code="b">Programa USAID - INTEC de informaci&#xF3;n clim&#xE1;tica.</subfield>
    <subfield code="a">Instituto Tecnol&#xF3;gico de Santo Domingo</subfield>
    <subfield code="9">78911</subfield>
  </datafield>
  <datafield tag="245" ind1="1" ind2="0">
    <subfield code="a">Clima futuro en la Rep&#xFA;blica Dominicana /</subfield>
    <subfield code="c">coordinador  ; Alvin Rodr&#xED;guez.</subfield>
  </datafield>
  <datafield tag="260" ind1=" " ind2=" ">
    <subfield code="a">Santo Domingo : </subfield>
    <subfield code="b">Programa USAID - INTEC, </subfield>
    <subfield code="c">2018.</subfield>
  </datafield>
  <datafield tag="300" ind1=" " ind2=" ">
    <subfield code="a">85, [18] p. : </subfield>
    <subfield code="b">il., mapas, diagr. ;</subfield>
    <subfield code="c">28 cm.</subfield>
  </datafield>
  <datafield tag="504" ind1=" " ind2=" ">
    <subfield code="a">Bibliograf&#xED;a : p. 83-85 </subfield>
  </datafield>
  <datafield tag="505" ind1="0" ind2=" ">
    <subfield code="a">Presentaci&#xF3;n -- Programa de informaci&#xF3;n clim&#xE1;tica -- &#xCD;ndice de figuras -- &#xCD;ndice de tablas -- Lista de acr&#xF3;nimos &#x2013; Introducci&#xF3;n -- Cambio clim&#xE1;tico global y los escenarios del IPCC -- Modelos de circulaci&#xF3;n general -- Downscaling estad&#xED;stico -- Datos del nivel del mar -- &#xCD;ndice de sequ&#xED;a -- &#xCD;ndice de calor y c&#xE1;lculos de olas de calor -- An&#xE1;lisis de recursos de agua -- Caracterizaci&#xF3;n de la cuenca -- Balance h&#xED;drico -- Validaci&#xF3;n de HEC-HMS -- An&#xE1;lisis de innundaciones para Santo Domingo -- Aumento del nivel del mar en la Rep&#xFA;blica Dominicana -- Eventos de sequ&#xED;a en la Rep&#xFA;blica Dominicana -- Eventos de sequ&#xED;a en el presente -- Proyecciones de sequ&#xED;a -- Olas de calor en la Rep&#xFA;blica Dominicana -- Olas de calor en el presente -- Proyecciones de olas de calor -- Balance h&#xED;drico -- An&#xE1;lisis de inundaciones: Santo Domingo - r&#xED;o Ozama &#x2013; Conclusiones &#x2013; Bibliofraf&#xED;as -- Bolet&#xED;n #1 Ondas de calor en Saman&#xE1; -- Bolet&#xED;n #2 Sequ&#xED;as en Saman&#xE1; -- Bolet&#xED;n #3 Ondas de calor en Santiago -- Bolet&#xED;n #4 Eventos de sequ&#xED;a en Santiago -- Bolet&#xED;n #5 An&#xE1;lisis de inundaci&#xF3;n en zonas al margen del r&#xED;o Ozama -- Bolet&#xED;n #6 Ondas de calor en Santo Domingo -- Bolet&#xED;n #7 Sequ&#xED;as en Santo Domingo.</subfield>
  </datafield>
  <datafield tag="590" ind1=" " ind2=" ">
    <subfield code="a">Inventariado, 2021 /LP


</subfield>
  </datafield>
  <datafield tag="700" ind1="1" ind2=" ">
    <subfield code="a">Rodr&#xED;guez, Alvin,</subfield>
    <subfield code="e">coord.</subfield>
    <subfield code="9">80846</subfield>
  </datafield>
  <datafield tag="910" ind1=" " ind2=" ">
    <subfield code="a">Lop&#xE9;rez.</subfield>
  </datafield>
  <datafield tag="942" ind1=" " ind2=" ">
    <subfield code="2">ddc</subfield>
    <subfield code="c">LBS1</subfield>
  </datafield>
  <datafield tag="952" ind1=" " ind2=" ">
    <subfield code="0">0</subfield>
    <subfield code="1">0</subfield>
    <subfield code="2">ddc</subfield>
    <subfield code="5">1</subfield>
    <subfield code="7">0</subfield>
    <subfield code="8">PD</subfield>
    <subfield code="a">BNPHU</subfield>
    <subfield code="b">PD</subfield>
    <subfield code="c">HD</subfield>
    <subfield code="d">2021-12-09</subfield>
    <subfield code="e">Dep&#xF3;sito Legal </subfield>
    <subfield code="l">0</subfield>
    <subfield code="o">I59c</subfield>
    <subfield code="p">2021-28538</subfield>
    <subfield code="r">2021-12-09</subfield>
    <subfield code="w">2021-12-09</subfield>
    <subfield code="y">LFPD</subfield>
  </datafield>
  <datafield tag="952" ind1=" " ind2=" ">
    <subfield code="0">0</subfield>
    <subfield code="1">0</subfield>
    <subfield code="2">ddc</subfield>
    <subfield code="5">1</subfield>
    <subfield code="7">0</subfield>
    <subfield code="8">PD</subfield>
    <subfield code="a">BNPHU</subfield>
    <subfield code="b">PD</subfield>
    <subfield code="c">HD</subfield>
    <subfield code="d">2021-12-09</subfield>
    <subfield code="e">Dep&#xF3;sito Legal </subfield>
    <subfield code="l">0</subfield>
    <subfield code="o">I59c</subfield>
    <subfield code="p">2021-28539</subfield>
    <subfield code="r">2021-12-09</subfield>
    <subfield code="t">e.2</subfield>
    <subfield code="w">2021-12-09</subfield>
    <subfield code="y">LFPD</subfield>
  </datafield>
  <datafield tag="952" ind1=" " ind2=" ">
    <subfield code="0">0</subfield>
    <subfield code="1">0</subfield>
    <subfield code="2">ddc</subfield>
    <subfield code="5">6</subfield>
    <subfield code="7">0</subfield>
    <subfield code="8">DS</subfield>
    <subfield code="a">BNPHU</subfield>
    <subfield code="b">DO</subfield>
    <subfield code="c">HD</subfield>
    <subfield code="d">2021-12-09</subfield>
    <subfield code="e">Dep&#xF3;sito Legal </subfield>
    <subfield code="l">0</subfield>
    <subfield code="o">I59c</subfield>
    <subfield code="p">2021-28540</subfield>
    <subfield code="r">2021-12-09</subfield>
    <subfield code="t">e.3</subfield>
    <subfield code="w">2021-12-09</subfield>
    <subfield code="y">LFDS</subfield>
  </datafield>
  <datafield tag="999" ind1=" " ind2=" ">
    <subfield code="c">51112</subfield>
    <subfield code="d">51112</subfield>
  </datafield>
</record>
